00378nam a2200121Ia 4500008004100000050002100041245006700062250001800129260004500147300001800192650002500210650002100235120626s1980 mx a 000 0 spa d aND615 bG88 1964 aLa pintura italiana del renacimiento c/ Por Juan de la Encina a3a. edición aMéxicob: fondo de cultura económica a235 páginas 0aPINTURA RENACENTISTA 0aPINTURA ITALIANA